000
003290000a22001570004500
003
MACL
040
_a
MACL
090
_c
46344
_d
46342
100
_a
Bhagat, Chetan
245
_a
The 3 Mistakes of My Life
260
_b
Rupa & Co
_c
2011
350
_a
95
650
_a
Fiction
942
_c
BOOK
_k
823/BHA
951
_o
823/BHA BOOK
999
_c
45859
_d
45859